All Assassin's Creed Games - Statistics

General Stats
  • This quiz has been taken 1,800 times
    1,772 since last reset
  • The average score is 9 of 17
Answer Stats
Year/Platform Name % Correct
2007 - Playstation 3, Xbox 360 Assassin's Creed
96%
2009 - Playstation 3, Xbox 360 Assassin's Creed II
94%
2013 - Playstation 3, Xbox 360, Wii U, Playstation 4, Xbox One Assassin's Creed IV: Black Flag
93%
2012 - Playstation 3, Xbox 360, Wii U Assassin's Creed III
91%
2010 - Playstation 3, Xbox 360 Assassin's Creed: Brotherhood
86%
2014 - Playstation 4, Xbox One Assassin's Creed Unity
85%
2015 - Playstation 4, Xbox One Assassin's Creed Syndicate
80%
2011 - Playstation 3, Xbox 360 Assassin's Creed: Revelations
78%
2014 - Playstation 3, Xbox 360 Assassin's Creed Rogue
73%
2012 - Playstation 3, Xbox 360 Assassin's Creed III: Liberation
41%
2015 - Playstation 4, Xbox One Assassin's Creed Chronicles: China
25%
2016 - Playstation 4, Xbox One Assassin's Creed Chronicles: India
23%
2009 - Playstation Portable Assassin's Creed: Bloodlines
21%
2008 - Nintendo DS Assassin's Creed: Altaïr's Chronicles
12%
2016 - Playstation 4, Xbox One Assassin's Creed Chronicles: Russia
11%
2014 - Android, IOS Assassin's Creed Identity
11%
2009 - Nintendo DS Assassin's Creed II: Discovery
8%
No matching quizzes found
Score Distribution
Percent of People with Each Score
Percentile by Number Answered
Your Score History
You have not taken this quiz since the last reset